[Event "Madrid-ch Previa A"]
[Site "Madrid"]
[Date "2023.02.08"]
[Round "3.23"]
[White "Boni De Aristizabal, Marco"]
[Black "Javaloyes Ruiz, Miguel"]
[Result "0-1"]
[WhiteElo "1723"]
[BlackElo "1432"]
[PlyCount "94"]
[EventDate "2023.02.06"]
[EventType "swiss"]
[EventRounds "9"]
[EventCountry "ESP"]
[SourceTitle "EXT 2024"]
[Source "ChessBase"]
[SourceDate "2023.10.10"]
[SourceVersion "1"]
[SourceVersionDate "2023.10.10"]
[SourceQuality "1"]

1. e4 c6 2. d4 d5 3. e5 Bf5 4. h4 h6 5. Nf3 e6 6. Bd3 Bxd3 7. Qxd3 Nd7 8. Bd2 c5 9. c3 Ne7 10. g4 Nc6 11. a3 cxd4 12. cxd4 Qb6 13. Bc3 Na5 14. Nbd2 Be7 15. Ke2 Nb3 16. Rag1 0-0-0 17. Qc2 Qb5+ 18. Ke1 Ndc5 19. dxc5 Nxc5 20. Bd4 Kb8 21. Nb3 Rc8 22. Nxc5 Bxc5 23. Bxc5 Rxc5 24. Nd4 Qb6 25. Qd2 Rc4 26. Ne2 Rhc8 27. Rh3 Rc2 28. Qb4 Rc1+ 29. Nxc1 Rxc1+ 30. Kd2 Qxb4+ 31. axb4 Rxg1 32. Rf3 Rxg4 33. Rxf7 Rxb4 34. Kc3 Re4 35. Re7 Rxh4 36. Rxg7 Re4 37. Rg6 Rxe5 38. Rxh6 Kc7 39. Kd4 Re4+ 40. Kd3 Kd6 41. Rh7 Rb4 42. Kc3 a5 43. Rh8 d4+ 44. Kc2 b5 45. Ra8 a4 46. Ra6+ Kd5 47. Ra8 e5 0-1

[Event "Madrid-ch Previa-A"]
[Site "Madrid"]
[Date "2017.02.20"]
[Round "7"]
[White "Enriquez Pastor, Jorge"]
[Black "Boni De Aristizabal, Marco"]
[Result "0-1"]
[WhiteElo "1438"]
[BlackElo "1715"]
[PlyCount "99"]
[EventDate "2017.02.06"]
[EventType "swiss"]
[EventRounds "9"]
[EventCountry "ESP"]
[SourceTitle "CBM 177 Extra"]
[Source "ChessBase"]
[SourceDate "2017.04.27"]
[SourceVersion "1"]
[SourceVersionDate "2017.04.27"]
[SourceQuality "1"]

1. e4 Nf6 2. e5 Nd5 3. Nf3 d6 4. Bc4 Nb6 5. Bb3 g6 6. Nc3 Bg7 7. d4 0-0 8. 0-0 Nc6 9. exd6 cxd6 10. Nd5 Bg4 11. Nxb6 Qxb6 12. c3 e5 13. Qd3 Bxf3 14. Qxf3 exd4 15. cxd4 Nxd4 16. Qd3 Nxb3 17. axb3 a6 18. Be3 Qc6 19. Rac1 Qd7 20. Rc2 Rac8 21. Rfc1 Rxc2 22. Rxc2 d5 23. Bd4 Bxd4 24. Qxd4 Rc8 25. Rc3 Rxc3 26. bxc3 Qe6 27. g3 Qe1+ 28. Kg2 Qe4+ 29. Qxe4 dxe4 30. f3 exf3+ 31. Kxf3 f5 32. g4 Kf7 33. gxf5 gxf5 34. h4 Kf6 35. Kf4 b5 36. b4 h5 37. Kf3 Ke5 38. Ke3 f4+ 39. Kd3 Kd5 40. Kd2 Kc4 41. Ke2 Kxc3 42. Kf3 Kxb4 43. Kxf4 Kc3 44. Kg5 b4 45. Kxh5 b3 46. Kg6 b2 47. h5 b1Q+ 48. Kg7 a5 49. h6 a4 50. h7 0-1

[Event "Madrid-ch"]
[Site "Madrid"]
[Date "2015.02.03"]
[Round "2"]
[White "Fernandez Aransay, Fernando"]
[Black "Boni De Aristizabal, Marco"]
[Result "1-0"]
[WhiteElo "1869"]
[BlackElo "1723"]
[PlyCount "53"]
[EventDate "2015.02.02"]
[EventType "swiss"]
[EventRounds "9"]
[EventCountry "ESP"]
[SourceTitle "CBM 164 Extra"]
[Source "ChessBase"]
[SourceDate "2015.03.02"]
[SourceVersion "1"]
[SourceVersionDate "2015.03.02"]
[SourceQuality "1"]

1. e4 Nf6 2. e5 Nd5 3. d4 d6 4. c4 Nb6 5. exd6 cxd6 6. d5 Bf5 7. Nc3 N8d7 8. Be3 Ne5 9. b3 g6 10. f4 Ng4 11. Bd4 Nf6 12. Be2 h5 13. Nf3 Bh6 14. Ng5 0-0 15. 0-0 Nbd7 16. Bd3 Bxd3 17. Qxd3 b6 18. Rae1 Nc5 19. Qg3 Qd7 20. f5 Kg7 21. fxg6 fxg6 22. Bxc5 Bxg5 23. Qxg5 bxc5 24. Re6 Rae8 25. Ne4 a6 26. Nxf6 exf6 27. Rfxf6 1-0

[Event "Tres Cantos op 3rd"]
[Site "Tres Cantos"]
[Date "2011.06.29"]
[Round "8"]
[White "Boni De Aristizabal, Marco"]
[Black "Palenciano Escolar, Adrian"]
[Result "1-0"]
[WhiteElo "1828"]
[BlackElo "1580"]
[PlyCount "43"]
[EventDate "2011.06.22"]
[EventType "swiss"]
[EventRounds "9"]
[EventCountry "ESP"]
[SourceTitle "EXT 2012"]
[Source "ChessBase"]
[SourceDate "2011.11.24"]
[SourceVersion "1"]
[SourceVersionDate "2011.11.24"]
[SourceQuality "1"]

1. e4 c5 2. c3 d5 3. exd5 Qxd5 4. Nf3 Bf5 5. a3 Bxb1 6. Rxb1 Qe4+ 7. Be2 Qxb1 8. 0-0 e6 9. Qb3 Qe4 10. Re1 Nd7 11. Bb5 Qf5 12. Bxd7+ Kxd7 13. Qxb7+ Kd6 14. Qxa8 Ne7 15. Qxa7 Nc6 16. Qa6 Be7 17. d4 cxd4 18. Nxd4 Qc5 19. Bf4+ Kd7 20. Qb7+ Ke8 21. Qxc6+ Qxc6 22. Nxc6 1-0